[Event "7th Washington Open 2018"]
[Site "Rockville"]
[Date "2018.08.14"]
[Round "7"]
[White "Khamrakulov, Djurabek"]
[Black "Macieja, Bartlomiej"]
[Result "1-0"]
[WhiteElo "2489"]
[BlackElo "2528"]
[Annotator "ChessBase"]
[PlyCount "119"]
[EventDate "2018.08.11"]
[EventType "swiss"]
[EventCountry "USA"]
[SourceTitle "playchess.com"]
[Source "ChessBase"]
[SourceQuality "1"]
[TimeControl "40/5400+30:1200+30"]

1. e4 {[%emt 0:03:29]} c6 {[%emt 0:00:28]} 2. Nc3 {[%emt 0:02:29]} d5 {[%emt 0:00:18]} 3. Nf3 {[%emt 0:00:11]} Bg4 {[%emt 0:00:03]} 4. h3 {[%emt 0:00:16]} Bxf3 {[%emt 0:00:04]} 5. Qxf3 {[%emt 0:00:09]} e6 {[%emt 0:00:02]} 6. d3 {[%emt 0:00:09]} Nd7 {[%emt 0:00:02]} 7. Bd2 {[%emt 0:01:11]} Qb6 {[%emt 0:00:37]} 8. O-O-O {[%emt 0:01:02]} Bd6 {[%emt 0:00:04]} 9. g4 {[%emt 0:00:45]} Ne7 {[%emt 0:00:24]} 10. h4 {[%emt 0:01:17]} a5 {[%emt 0:01:21]} 11. Qg2 {[%emt 0:12:31]} Bb4 {[%emt 0:35:54]} 12. f4 {[%emt 0:03:17]} d4 {[%emt 0:31:06]} 13. Nb1 {[%emt 0:08:23]} Bxd2+ {[%emt 0:00:36]} 14. Qxd2 {[%emt 0:00:38]} e5 {[%emt 0:01:19]} 15. g5 {[%emt 0:02:31]} Ng6 {[%emt 0:14:56]} 16. fxe5 {[%emt 0:00:51]} Ngxe5 {[%emt 0:00:05]} 17. Bh3 {[%emt 0:01:40]} a4 {[%emt 0:04:49]} 18. Rhf1 {[%emt 0:04:58]} Qc5 {[%emt 0:00:35]} 19. a3 {[%emt 0:01:16]} h6 {[%emt 0:02:09]} 20. Bf5 {[%emt 0:13:23]} Qe7 {[%emt 0:00:46]} 21. Qf2 {[%emt 0:03:22]} c5 {[%emt 0:00:24]} 22. Bxd7+ {[%emt 0:01:12]} Kxd7 {[%emt 0:00:19]} 23. Qg3 {[%emt 0:01:39]} hxg5 {[%emt 0:01:42]} 24. hxg5 {[%emt 0:00:19]} g6 {[%emt 0:01:24]} 25. Rf6 {[%emt 0:01:26]} Ra6 {[%emt 0:01:28]} 26. Rxa6 {[%emt 0:01:15]} bxa6 {[%emt 0:00:01]} 27. Nd2 {[%emt 0:00:22]} Qe6 {[%emt 0:00:28]} 28. Rf1 {[%emt 0:07:23]} Rh3 {[%emt 0:00:19]} 29. Qg2 {[%emt 0:00:02]} Ke7 {[%emt 0:00:45]} 30. Qf2 {[%emt 0:07:48]} Kf8 {[%emt 0:01:11]} 31. Kb1 {[%emt 0:00:03]} Ng4 {[%emt 0:01:06]} 32. Qf4 {[%emt 0:02:43]} Ne3 {[%emt 0:00:13]} 33. Rg1 {[%emt 0:00:05]} c4 {[%emt 0:00:58]} 34. Qc7 {[%emt 0:06:20]} cxd3 {[%emt 0:00:28]} 35. cxd3 {[%emt 0:00:06]} Kg7 {[%emt 0:00:20]} 36. Rc1 {[%emt 0:00:40]} Ng4 {[%emt 0:00:17]} 37. Qd8 {[%emt 0:00:35]} Rh8 {[%emt 0:00:56]} 38. Qxd4+ {[%emt 0:00:11]} Qe5 {[%emt 0:00:12]} 39. Rc4 {[%emt 0:03:36]} Qxd4 {[%emt 0:00:20]} 40. Rxd4 {[%emt 0:00:03]} Rh5 {[%emt 0:00:52]} 41. Rxa4 {[%emt 0:22:24]} Rxg5 {[%emt 0:20:19]} 42. Rxa6 {[%emt 0:00:16]} Ne3 {[%emt 0:00:00]} 43. Rc6 {[%emt 0:00:00]} Rg2 {[%emt 0:00:00]} 44. Nc4 {[%emt 0:00:00]} Rg1+ {[%emt 0:00:00]} 45. Ka2 {[%emt 0:00:00]} Nc2 {[%emt 0:00:00]} 46. Rc7 {[%emt 0:00:00]} Ra1+ {[%emt 0:00:00]} 47. Kb3 {[%emt 0:00:00]} Nd4+ {[%emt 0:00:00]} 48. Kb4 {[%emt 0:00:00]} g5 {[%emt 0:00:00]} 49. Rd7 {[%emt 0:00:00]} Nf3 {[%emt 0:01:02]} 50. Rd5 {[%emt 0:00:00]} Rg1 {[%emt 0:03:32]} 51. a4 {[%emt 0:00:23]} g4 {[%emt 0:00:22]} 52. Ne3 {[%emt 0:01:05]} f6 {[%emt 0:00:51]} 53. a5 {[%emt 0:00:50]} g3 {[%emt 0:00:19]} 54. a6 {[%emt 0:00:32]} Ne5 {[%emt 0:00:22]} 55. Kb5 {[%emt 0:01:39]} Kf7 {[%emt 0:00:38]} 56. a7 {[%emt 0:00:24]} Ra1 {[%emt 0:00:14]} 57. Kb6 {[%emt 0:00:24]} Ra2 {[%emt 0:00:53]} 58. Ra5 {[%emt 0:03:45]} Nd7+ {[%emt 0:00:32]} 59. Ka6 {[%emt 0:00:14]} Rxb2 {[%emt 0:00:21]} 60. a8=Q {[%emt 0:00:16]} 1-0

[Event "7th Washington Open 2018"]
[Site "Rockville"]
[Date "2018.08.14"]
[Round "7"]
[White "Panchanathan, Magesh Chandran"]
[Black "Baryshpolets, Andrey"]
[Result "1/2-1/2"]
[WhiteElo "2486"]
[BlackElo "2609"]
[Annotator "TA"]
[PlyCount "57"]
[EventDate "2018.08.11"]
[EventType "swiss"]
[EventCountry "USA"]
[SourceTitle "playchess.com"]
[Source "ChessBase"]
[SourceQuality "1"]

{[%evp 15,57,25,39,-6,0,0,10,0,41,0,11,-26,-33,-34,-19,-24,0,0,0,-13,-2,-8,0,0,0,0,0,0,16,-67,-63,-63,0,-22,0,0,0,0,0,0,0,0,0,0]} 1. Nf3 d5 2. g3 Nf6 3. Bg2 c6 4. O-O Bg4 5. h3 Bh5 6. d4 {A07: Réti Opening: New York and Capablanca Systems} Nbd7 7. c4 e6 8. cxd5 exd5 {LiveBook: 50 Games} 9. Ne5 Nxe5 (9... Ne4 10. Nd2 Nxd2 11. Bxd2 Nxe5 12. dxe5 Bc5 13. Kh2 O-O {½-½ (32) Svidler,P (2768)-Karjakin,S (2753) Wijk aan Zee 2018}) 10. dxe5 Ne4 11. Nd2 f5 $146 ({Predecessor:} 11... Nxd2 12. Bxd2 {0-1 (45) Sotiropoulos,A (1834)-Serpetsidakis,N (2087) Rio Achaea 2018}) 12. exf6 Nxf6 13. g4 Bg6 14. e4 dxe4 15. Qb3 Bc5 16. g5 Nd5 {And now ...e3 would win.} 17. Nxe4 Bb6 18. Nc3 $132 {[%mdl 2048] White is not keeping still} O-O $1 19. Bxd5+ cxd5 20. Qxd5+ Qxd5 21. Nxd5 Rf3 22. Ne7+ (22. Nxb6 $11 axb6 23. Be3) 22... Kf7 $15 23. Nd5 Bd8 ({Better is} 23... Bd4 $15 24. Be3 Bxb2) 24. Re1 {The position is equal.} Rf5 25. Ne3 Rxg5+ 26. Ng4 Rd5 27. Ne5+ Kf6 28. Ng4+ Kf7 29. Ne5+ {Precision: White = 47%, Black = 44%.} 1/2-1/2

[Event "7th Washington Open 2018"]
[Site "Rockville"]
[Date "2018.08.14"]
[Round "7"]
[White "Checa, Nicolas D"]
[Black "Postny, Evgeny"]
[Result "1/2-1/2"]
[WhiteElo "2478"]
[BlackElo "2586"]
[Annotator "ChessBase"]
[PlyCount "69"]
[EventDate "2018.08.11"]
[EventType "swiss"]
[EventCountry "USA"]
[SourceTitle "playchess.com"]
[Source "ChessBase"]
[SourceQuality "1"]
[TimeControl "40/5400+30:1200+30"]

1. d4 {[%emt 0:00:00]} d5 {[%emt 0:02:50]} 2. Nf3 {[%emt 0:00:36]} Nf6 {[%emt 0:00:07]} 3. c4 {[%emt 0:00:43]} dxc4 {[%emt 0:00:07]} 4. e3 {[%emt 0:01:55]} b5 {[%emt 0:00:07]} 5. a4 {[%emt 0:02:12]} b4 {[%emt 0:00:07]} 6. Bxc4 {[%emt 0:00:05]} e6 {[%emt 0:00:07]} 7. O-O {[%emt 0:09:07]} Be7 {[%emt 0:00:08]} 8. Qe2 {[%emt 0:04:06]} Bb7 {[%emt 0:00:25]} 9. Nbd2 {[%emt 0:00:19]} O-O {[%emt 0:02:10]} 10. b3 {[%emt 0:03:20]} c5 {[%emt 0:03:28]} 11. Bb2 {[%emt 0:07:39]} Nbd7 {[%emt 0:05:39]} 12. Rfd1 {[%emt 0:00:14]} Rc8 {[%emt 0:10:37]} 13. dxc5 {[%emt 0:06:45]} Qc7 {[%emt 0:02:38]} 14. Rac1 {[%emt 0:03:22]} Qb8 {[%emt 0:01:49]} 15. c6 {[%emt 0:11:32]} Rxc6 {[%emt 0:08:34]} 16. Bb5 {[%emt 0:02:08]} Rxc1 {[%emt 0:01:40]} 17. Rxc1 {[%emt 0:00:04]} Rc8 {[%emt 0:02:02]} 18. Rxc8+ {[%emt 0:03:57]} Qxc8 {[%emt 0:02:25]} 19. Qc4 {[%emt 0:00:23]} Qxc4 {[%emt 0:06:30]} 20. Bxc4 {[%emt 0:01:12]} Nc5 {[%emt 0:01:13]} 21. Ne1 {[%emt 0:05:57]} Nfe4 {[%emt 0:03:00]} 22. Nxe4 {[%emt 0:00:59]} Nxe4 {[%emt 0:00:14]} 23. Nf3 {[%emt 0:03:51]} Bf6 {[%emt 0:12:07]} 24. Bxf6 {[%emt 0:02:20]} gxf6 {[%emt 0:01:26]} 25. a5 {[%emt 0:09:12]} Nd6 {[%emt 0:05:48]} 26. Be2 {[%emt 0:00:35]} Bd5 {[%emt 0:11:23]} 27. Nd4 {[%emt 0:00:24]} Nb7 {[%emt 0:00:28]} 28. a6 {[%emt 0:00:39]} Na5 {[%emt 0:02:21]} 29. Nb5 {[%emt 0:02:35]} Nc6 {[%emt 0:00:07]} 30. Bf3 {[%emt 0:00:21]} Bxf3 {[%emt 0:01:43]} 31. gxf3 {[%emt 0:00:10]} Nb8 {[%emt 0:00:29]} 32. Nxa7 {[%emt 0:00:29]} Nxa6 {[%emt 0:00:05]} 33. Kf1 {[%emt 0:00:07]} Nc5 {[%emt 0:00:13]} 34. Nc6 {[%emt 0:00:05]} Nxb3 {[%emt 0:00:05]} 35. Nxb4 {[%emt 0:00:04]} 1/2-1/2

[Event "7th Washington Open 2018"]
[Site "Rockville"]
[Date "2018.08.14"]
[Round "8"]
[White "Baryshpolets, Andrey"]
[Black "Vazquez, Guillermo"]
[Result "1-0"]
[WhiteElo "2609"]
[BlackElo "2443"]
[Annotator "TA"]
[PlyCount "89"]
[EventDate "2018.08.11"]
[EventType "swiss"]
[EventCountry "USA"]
[SourceTitle "playchess.com"]
[Source "ChessBase"]
[SourceQuality "1"]

{[%evp 22,89,3,0,-26,-7,86,93,109,100,101,96,112,108,135,133,117,20,27,20,29,28,18,19,22,23,21,0,83,81,53,56,174,162,147,151,166,163,163,162,247,252,258,250,253,234,225,225,303,297,254,212,486,591,527,488,493,484,470,461,467,433,518,418,925,921,4610,573,1561,572]} 1. d4 Nf6 2. c4 e6 3. Nc3 Bb4 4. g3 O-O 5. Bg2 d5 6. Nf3 dxc4 7. O-O Nc6 8. Qa4 {E20: Nimzo-Indian: 4 g3 and 4 f3} Nd5 {[%cal Bf6d5,Bd5b4,Bb4d3][%mdl 32]} (8... Bd7 9. Bg5 Rb8 10. Rad1 Bxc3 11. bxc3 h6 12. Bxf6 Qxf6 13. Qxc4 Rfc8 14. Nd2 Na5 15. Qb4 b6 {½-½ (67) Matlakov,M (2735)-Tomashevsky,E (2713) St Petersburg 2017}) 9. Qc2 Be7 10. Rd1 Rb8 11. e4 Ndb4 12. Qe2 {LiveBook: 3 Games} Nd3 13. Be3 b6 $146 (13... b5 $11) ({Predecessor:} 13... b5 14. b3 Ba6 15. d5 Bf6 16. dxc6 Bxc3 {½-½ (38) Spasov,S (2317)-Talos,D (2284) ICCF email 2007}) 14. b3 $1 $16 Ba6 15. bxc4 Bxc4 16. Rxd3 Nb4 17. Ne5 Ba6 18. Qd1 {aiming for Rd2.} f6 19. Bh3 ({Better is} 19. a3 $16 fxe5 20. axb4 Bxd3 21. Qxd3) 19... fxe5 $11 20. Bxe6+ Kh8 21. Rd2 Bg5 22. Bxg5 Qxg5 23. d5 $36 {[%mdl 2048] And now a3 would win. White is more active.} Rbd8 24. Bh3 Nc6 (24... Qh6 $11) 25. f4 $1 $16 {[%cal Rf4g5]} exf4 26. dxc6 Rde8 ({Black should play} 26... fxg3 $14 27. Rxd8 Rxd8) 27. Rd5 $18 Qh6 28. Rh5 $1 {[%cal Rh5h6]} Qxc6 29. Qd4 Qg6 {[#]} 30. Rh4 $1 {Threatens to win with Bf5.} c5 {[#]} (30... Bc8 {was worth a try.}) 31. Qd2 $1 fxg3 32. Bf5 $1 {[%cal Rf5g6]} gxh2+ 33. Kxh2 Rxf5 34. exf5 Qxf5 {Hoping for ...Qe5+.} 35. Re1 Rf8 36. Ne4 Bb7 $2 (36... Qe5+ 37. Ng3 Qf6) 37. Ng5 {Black must now prevent Rf4!} Kg8 {Now ...h6 and Black clings on.} 38. Nxh7 Qf2+ 39. Qxf2 Rxf2+ 40. Kg3 Rxa2 41. Ng5 {[%cal Re1e8]} Bc6 42. Re6 Bb5 (42... Ra3+ $142 43. Kf2 Ra2+ 44. Ke1 Bb5) 43. Rhe4 {Threatening mate with Re8+!White is clearly winning.} Kf8 44. Rf4+ Kg8 45. Re7 {Precision: White = 79%, Black = 52%.} (45. Rf7 $142 Ra3+ 46. Kg4 Ra4+ 47. Kh5) 1-0

[Event "7th Washington Open 2018"]
[Site "Rockville"]
[Date "2018.08.14"]
[Round "8"]
[White "Dragun, Kamil"]
[Black "Panchanathan, Magesh Chandran"]
[Result "1/2-1/2"]
[WhiteElo "2594"]
[BlackElo "2486"]
[Annotator "TA"]
[PlyCount "109"]
[EventDate "2018.08.11"]
[EventType "swiss"]
[EventCountry "USA"]
[SourceTitle "playchess.com"]
[Source "ChessBase"]
[SourceQuality "1"]

{[%evp 20,109,33,27,54,42,56,11,14,0,0,0,0,0,0,0,57,6,47,36,42,37,58,55,74,77,66,87,82,75,88,101,107,100,104,97,123,133,146,134,139,131,129,140,152,99,106,103,186,176,207,221,210,217,202,206,207,209,320,308,317,310,333,145,149,0,0,0,0,0,0,0,0,0,0,0,0,0,0,-29980,0,0,0,0,0,0,0,0,0,0,0,0]} 1. e4 e5 2. Nf3 Nc6 3. Bb5 a6 4. Ba4 Nf6 5. O-O Be7 6. Re1 d6 7. Bxc6+ bxc6 8. d4 exd4 9. Nxd4 Bd7 10. Qf3 O-O 11. Nc3 {LiveBook: 54 Games} h6 {C87: Closed Ruy Lopez: Steinitz-type lines after 6 Re1 d6} (11... Re8 12. h3 h6 13. Bf4 c5 14. Nf5 Bxf5 15. exf5 d5 16. g4 c6 17. b3 Nd7 18. Na4 Bf6 19. Rxe8+ Qxe8 20. Rd1 {0-1 (33) Ivanchuk,V (2726)-Mamedyarov,S (2799) Huaian 2017}) 12. Bf4 c5 13. Nb3 $146 ({Predecessor:} 13. Nde2 Bc6 14. Rad1 Kh8 15. Ng3 Ng8 16. Nf5 Bg5 17. Qg3 g6 18. Bxg5 Qxg5 19. Qxg5 hxg5 {0-1 (57) Fernandez,E (2247)-Moreno,S Matanzas 1999}) 13... Bg4 14. Qg3 Be6 15. Bxh6 {[%csl Gh6][%cal Rg3g7]} Ng4 {...Bh4 is the strong threat.} 16. Be3 $1 Bh4 17. Qf3 Ne5 (17... Rb8 $11) 18. Qd1 ({White should try} 18. Qe2 $1 $14) 18... Bg4 19. Qc1 f5 20. Bf4 Ng6 21. Qd2 c4 22. Na5 Nxf4 23. Qxf4 Bg5 24. Qg3 {Black must now prevent Nc6.} Bh4 25. Qe3 $1 $36 {[%mdl 2048] Black is under strong pressure.} fxe4 26. g3 $1 d5 27. gxh4 Bf3 28. Qg5 Qxg5+ 29. hxg5 Rf5 30. Ne2 $1 {Hoping for h4.} Rxg5+ 31. Ng3 Rg6 {[#]} 32. c3 (32. Re3 $142 $1) 32... Kf7 33. Re3 Rb8 (33... Rh8 $16) 34. b3 $18 {[%cal Bb2b3,Bb3b4][%mdl 32]} Rb5 35. a4 ({Don't play} 35. b4 $6 Rb8 $16) 35... Rxa5 36. b4 d4 {[#]} 37. Rxf3+ $1 {[%mdl 512]} exf3 38. bxa5 {[%mdl 4096] Endgame KRN-KR} d3 (38... Ke6 {was necessary.} 39. cxd4 Kd5) 39. Kf1 Rh6 40. Re1 g5 {Black hopes to continue with ...g4.} 41. Kg1 (41. h3 $18 {is more deadly.}) 41... Re6 $16 {[#]} 42. Rxe6 (42. Rd1 $1 $16) 42... d2 $11 43. Re7+ $1 Kxe7 {KN-KP} 44. Nf5+ Kf6 {[%cal Rd2d1]} (44... Kf7 $5 45. Ne3 $8 Kg6 $11) 45. Ne3 {And now h3 would win.} Kg6 $1 46. h3 Kh5 $1 47. Kh1 Kh4 48. Kh2 c6 49. Nf5+ Kh5 50. Ne3 {The position is equal.} Kh4 51. Nd1 g4 52. hxg4 Kxg4 53. Ne3+ Kh4 $1 54. Nd1 Kg4 55. Ne3+ {Precision: White = 74%, Black = 59%.} 1/2-1/2

[Event "7th Washington Open 2018"]
[Site "Rockville"]
[Date "2018.08.14"]
[Round "8"]
[White "Huschenbeth, Niclas"]
[Black "Checa, Nicolas D"]
[Result "1-0"]
[WhiteElo "2590"]
[BlackElo "2478"]
[Annotator "TA"]
[PlyCount "71"]
[EventDate "2018.08.11"]
[EventType "swiss"]
[EventCountry "USA"]
[SourceTitle "playchess.com"]
[Source "ChessBase"]
[SourceQuality "1"]

{[%evp 29,71,36,35,35,34,35,34,41,28,29,87,114,174,181,191,176,158,144,226,133,156,106,106,102,106,98,113,113,113,113,113,113,113,113,213,213,206,206,275,285,362,361,1841,1728]} 1. e4 e6 2. d4 d5 3. Nc3 Bb4 4. e5 Ne7 5. a3 Bxc3+ 6. bxc3 c5 7. Qg4 cxd4 8. Qxg7 Rg8 9. Qxh7 Qc7 10. Ne2 Nbc6 11. f4 dxc3 {C18: French: 3 Nc3 Bb4: Main line: 7 h4 and 7 Qg4} 12. h4 {[%cal Bh2h4,Bh4h5,Bh5h6,Bh6h7][%mdl 32]} (12. Nxc3 Nd4 13. Bb2 Bd7 14. O-O-O Qb6 15. Qd3 Ndf5 16. Rd2 Rc8 17. g3 Ne3 18. Ne4 Rxc2+ 19. Rxc2 dxe4 20. Qxe4 Nxc2 21. Qxc2 {½-½ (31) Giri,A (2752)-Carlsen,M (2834) Wijk aan Zee 2018}) 12... Bd7 13. h5 O-O-O 14. Qd3 d4 15. h6 Rg6 {LiveBook: 8 Games} 16. h7 Rh8 17. Nxd4 Nxd4 18. Qxd4 Bc6 19. Rh2 {[#]} Nf5 $146 (19... Rg7 $11) 20. Qxa7 $16 {Threatens to win with a4.} b6 {[#]} (20... Rg7 $16 {was called for.}) 21. Qxc7+ $1 $18 Kxc7 22. a4 Rg7 23. Ra3 Ng3 {[#]} (23... Rhxh7 $16 24. Rxh7 Rxh7 25. Rxc3 Kb7) 24. Bd3 ({But not} 24. Rxc3 $6 Nxf1 25. Kxf1 Rhxh7 $16) (24. Bb5 $1 $18 Ne4 25. Bxc6 Kxc6 26. Be3) 24... Ne4 $16 25. Bxe4 Bxe4 26. Rxc3+ Kb7 27. Rc4 Rxg2 28. Rxg2 Bxg2 {[%mdl 4096] Endgame KRB-KRB} 29. Be3 Rxh7 30. Rb4 Rh1+ 31. Kd2 Bc6 (31... Ka6 $16 32. Bxb6 Rh2) 32. Rxb6+ $18 Kc7 33. a5 Be4 34. Rb4 Rh2+ 35. Kc3 Bxc2 $2 (35... Bb7 36. Bb6+ Kb8) 36. Rb2 {Precision: White = 83%, Black = 24%.} 1-0

[Event "7th Washington Open 2018"]
[Site "Rockville"]
[Date "2018.08.14"]
[Round "8"]
[White "Postny, Evgeny"]
[Black "Khamrakulov, Djurabek"]
[Result "1-0"]
[WhiteElo "2586"]
[BlackElo "2489"]
[Annotator "TA"]
[PlyCount "79"]
[EventDate "2018.08.11"]
[EventType "swiss"]
[EventCountry "USA"]
[SourceTitle "playchess.com"]
[Source "ChessBase"]
[SourceQuality "1"]

{[%evp 12,79,30,33,131,127,158,68,72,87,151,158,169,153,200,202,194,206,212,195,216,171,322,274,388,385,368,387,361,322,381,264,375,262,422,403,366,405,376,394,581,586,859,842,978,992,991,990,977,978,972,968,946,935,864,596,605,530,497,497,5356,5335,29971,1067,29971,29955,29991,29992,29994,29995]} 1. d4 Nf6 2. c4 e6 3. Nf3 c5 4. d5 b5 5. Bg5 b4 6. e4 {E10: Blumenfeld Gambit} d6 7. a3 {LiveBook: 7 Games} a5 ({Black should try} 7... Be7 $14) 8. axb4 $16 {White is clearly better.} cxb4 {[#]} 9. Nbd2 $146 ({White must play} 9. c5 $1 $16) ({Predecessor:} 9. c5 exd5 10. Bxf6 Qxf6 11. Qxd5 Ra7 12. Bb5+ Nd7 13. e5 dxe5 {1-0 (28) Salem,A (2469)-Cordova,E (2560) Chotowa 2010}) 9... Be7 10. c5 {Threatens to win with cxd6.} dxc5 {[#]} ({Better is} 10... exd5 11. cxd6 Qxd6) 11. d6 $1 {[%cal Rd6e7][%mdl 512]} Qxd6 12. e5 $36 {[%mdl 2048] White is really pushing.} Qc6 13. exf6 gxf6 14. Bh6 {[%cal Bg5h6,Bh6f4,Bf4g3][%mdl 32]} Rg8 15. Bd3 f5 16. Qe2 {Bb5 is the strong threat.} Bd7 $2 (16... Ba6) 17. Bf4 f6 (17... Qb7 $142 18. O-O Bc6) 18. O-O $18 e5 19. Rfe1 Rg7 20. Bg3 Kf8 21. Rad1 Qb7 (21... f4 $142 22. Be4 Qa6) 22. Bc4 a4 $2 {[#]} (22... f4 23. Bh4 Bh3) 23. Nxe5 $1 {[%mdl 512]} fxe5 24. Qxe5 Nc6 25. Qf4 Nd4 (25... Rg6 $142 26. Nf3 Re8) 26. Nf3 ({Less strong is} 26. Qh6 Qc6 $18) 26... Nxf3+ 27. gxf3 Re8 28. Re5 Rg6 29. Rxf5+ Bxf5 30. Qxf5+ Bf6 31. Rd7 Re1+ 32. Kg2 Qc6 33. Rxh7 {[%cal Bd7h7,Bh7h8,Bh8c8,Bc8c6][%mdl 32]} Rg7 34. Rh8+ Ke7 35. Rc8 Qd6 (35... Re5 $142 36. Qxe5+ (36. Rxc6 Rxf5 37. Re6+ Kd8 $15) 36... Bxe5 37. Rxc6 Bxb2 38. Rxc5 Rg6 39. Rc7+ Kd8) 36. Qh5 {[%csl Gc8][%cal Rh5e8]} Be5 37. Qe8+ Kf6 38. Rc6 {White mates.} Bxg3 39. Qf8+ Kg6 40. Bd3+ {Precision: White = 87%, Black = 29%.} ({And not} 40. Rxd6+ Bxd6 41. Qxd6+ Kf5+ 42. Kh3 Rh7+ 43. Kg2 Rg7+ 44. Kh3 Rh7+ 45. Kg2 Rg7+ $11) 1-0

[Event "7th Washington Open 2018"]
[Site "Rockville"]
[Date "2018.08.14"]
[Round "8"]
[White "Perelshteyn, Eugene"]
[Black "Sevian, Samuel"]
[Result "1/2-1/2"]
[WhiteElo "2498"]
[BlackElo "2645"]
[Annotator "TA"]
[PlyCount "55"]
[EventDate "2018.08.11"]
[EventType "swiss"]
[EventCountry "USA"]
[SourceTitle "playchess.com"]
[Source "ChessBase"]
[SourceQuality "1"]

{[%evp 15,55,0,11,-3,-8,-21,3,18,7,5,52,30,65,30,21,20,37,46,54,20,16,10,34,24,44,22,37,27,45,24,66,68,60,46,50,44,49,0,60,0,49,0]} 1. c4 e5 2. g3 Nf6 3. Bg2 d5 4. cxd5 Nxd5 5. Nc3 Nb6 6. e3 g6 {A22: English Opening: 1...e5 2 Nc3 Nf6} (6... Nc6 7. Nge2 h5 8. d4 h4 9. d5 Ne7 10. e4 hxg3 11. hxg3 Rxh1+ 12. Bxh1 Ng8 13. Be3 Nf6 14. Qc2 {0-1 (57) Ponkratov,P (2613)-Karjakin,S (2760) Riadh 2017}) 7. Nge2 Bg7 8. O-O O-O {LiveBook: 4 Games. The position is equal.} 9. b3 Re8 $146 ({Predecessor:} 9... Nc6 10. Ba3 Re8 11. Rc1 a5 12. Nb5 Bg4 13. h3 Bf5 {½-½ (27) Reichmann,H (2334)-Christ,R (2271) Germany 2018}) 10. Bb2 Na6 11. d4 exd4 12. Nxd4 h5 13. Qc1 c6 14. Rd1 {Threatens to win with Ne6!} Qe7 15. Rd2 Bg4 16. h3 Bd7 17. Qf1 Rad8 18. Rad1 Nc7 19. Nde2 Na6 20. h4 Bg4 {[#]} 21. Ba3 $1 {[%mdl 512]} Qc7 (21... Qxa3 22. Rxd8) 22. Bd6 Qc8 23. f3 Be6 24. e4 Bd5 25. Ba3 Be6 26. Bd6 Bd5 $1 27. Ba3 Be6 28. Bd6 {Precision: White = 45%, Black = 44%.} 1/2-1/2

[Event "7th Washington Open 2018"]
[Site "Rockville"]
[Date "2018.08.14"]
[Round "8"]
[White "Popilski, Gil"]
[Black "Becerra, Julio J"]
[Result "1/2-1/2"]
[WhiteElo "2491"]
[BlackElo "2529"]
[Annotator "TA"]
[PlyCount "70"]
[EventDate "2018.08.11"]
[EventType "swiss"]
[EventCountry "USA"]
[SourceTitle "playchess.com"]
[Source "ChessBase"]
[SourceQuality "1"]

{[%evp 22,70,21,31,31,0,0,0,0,0,0,0,-3,-3,-3,-3,-2,-6,0,0,0,-5,0,-9,-8,-6,0,0,0,-28,0,-28,0,0,0,-28,-28,-28,0,-28,0,-28,-28,-28,-28,-28,-28,-28,-16,-29,-16]} 1. d4 Nf6 2. c4 g6 3. Nc3 Bg7 4. e4 d6 5. Bd3 O-O 6. Nge2 Nc6 7. O-O Nd7 8. Bc2 {E70: King's Indian: Miscellaneous lines with 4 e4, including 5 Nge2 and 5 Bd3 0-0 6 Nge2} e5 9. d5 Nd4 10. Nxd4 exd4 11. Nb5 Ne5 12. Nxd4 {LiveBook: 13 Games} Nxc4 13. b3 $146 ({Predecessor:} 13. Rb1 Re8 14. b3 Ne5 15. Ne2 c6 {½-½ (49) Georgiev,V (2517)-Spasov,V (2598) Borovetz 2008}) 13... Qf6 14. bxc4 Qxd4 15. Qxd4 Bxd4 16. Rb1 b6 17. Bb2 Bxb2 18. Rxb2 Bd7 19. f4 f6 20. Kf2 Kf7 21. Rc1 Ke7 22. Ke3 Rf7 23. Kd4 g5 24. f5 h5 25. Bd1 (25. h4 $5) 25... Rh7 26. Rc3 (26. h4 $5) 26... Rah8 27. Ra3 a5 28. Rh3 (28. h4 $5) 28... Kd8 29. Ra3 Ke7 30. Rb1 Kd8 31. Ba4 Bxa4 32. Rxa4 Re8 33. Ra3 Rhe7 34. Re3 Re5 35. a4 Kd7 {Precision: White = 46%, Black = 43%.} 1/2-1/2

[Event "7th Washington Open 2018"]
[Site "Rockville"]
[Date "2018.08.14"]
[Round "8"]
[White "Henderson de la Fuente, Lance"]
[Black "Azarov, Sergei Nikolaevich"]
[Result "1/2-1/2"]
[WhiteElo "2485"]
[BlackElo "2574"]
[Annotator "TA"]
[PlyCount "47"]
[EventDate "2018.08.11"]
[EventType "swiss"]
[EventCountry "USA"]
[SourceTitle "playchess.com"]
[Source "ChessBase"]
[SourceQuality "1"]

{[%evp 26,47,51,8,37,6,4,3,10,0,7,0,0,8,21,11,54,56,62,59,75,77,79,86]} 1. e4 c5 2. Nf3 e6 3. d4 cxd4 4. Nxd4 Nc6 5. Nc3 Qc7 6. g3 a6 7. Bg2 d6 8. Nxc6 bxc6 9. O-O Nf6 10. Re1 e5 11. Na4 Be7 12. c4 Be6 13. b3 O-O {B80: Sizilianisch (Scheveninger System)} 14. Bb2 {LiveBook: 3 Partien} a5 $146 ({Vorgänger:} 14... Rad8 15. Qc2 Nd7 16. Rad1 c5 17. Nc3 {½-½ (54) Nowak,L (2307)-Bukojemski,A (2183) Suwalki 2017}) 15. Qc2 Nd7 {Die Stellung ist ausgeglichen.} 16. Rad1 Nb6 17. Nxb6 Qxb6 18. a4 Rab8 19. Re3 Qa7 20. Ba3 c5 21. f4 {[%cal Bf2f4,Bf4f5][%mdl 32]} Rb6 22. f5 Bd7 {[#]} 23. h4 $1 Bc6 24. Bc1 {Precision: Weiß = 67%, Schwarz = 38%.} 1/2-1/2